Text book of operating system (Record no. 169790)

MARC details
000 -LEADER
fixed length control field 00348nam a2200145Ia 4500
008 - FIXED-LENGTH DATA ELEMENTS--GENERAL INFORMATION
fixed length control field 231217s9999 xx 000 0 und d
041 ## - LANGUAGE CODE
Language code of text/sound track or separate title English
082 ## - DEWEY DECIMAL CLASSIFICATION NUMBER
Classification number 001.642 RAV
100 ## - MAIN ENTRY--PERSONAL NAME
Personal name Ravishankar S
245 #0 - TITLE STATEMENT
Title Text book of operating system
260 ## - PUBLICATION, DISTRIBUTION, ETC.
Date of publication, distribution, etc. 2001
Name of publisher, distributor, etc. Subhash Stores
300 ## - PHYSICAL DESCRIPTION
Extent 463
650 ## - SUBJECT ADDED ENTRY--TOPICAL TERM
Topical term or geographic name entry element operating,system
942 ## - ADDED ENTRY ELEMENTS (KOHA)
Koha item type Books
Holdings
Date last seen Total checkouts Full call number Accession number Price effective from Category Lost status Damaged status Department Withdrawn status Home library Current library Shelving location Entry date Grants Billdate Currency symbol Conversion rate Discount Old discount
26/01/2024   001.642 RAV 23650 26/01/2024 Books     CS   Central Library Central Library CS 01/12/2003 CS 11/04/2005 EURO 1    

© For any Suggestions or Query, please contact the library staff @ librarian@pes.edu or Phone: +9180 2672 1983/ 2108.